Statistics for 主要地质年代表 Major geological time periods

Click here to take the quiz!

General Stats

  • This quiz has been taken 28 times
  • The average score is 16 of 26

Answer Stats

地质年代% Correct
白垩纪
96%
二叠纪
92%
三叠纪
92%
侏罗纪
88%
中生代
80%
泥盆纪
80%
太古宙
80%
古生代
76%
奥陶纪
76%
新生代
68%
石炭纪
68%
元古宙
64%
志留纪
64%
第四纪
60%
显生宙
60%
寒武纪
60%
全新世
48%
始新世
40%
更新世
40%
冥古宙
40%
渐新世
36%
古新世
32%
中新世
32%
新近纪
28%
古近纪
28%
上新世
24%

Score Distribution

Percentile by Number Answered

Percent of People with Each Score

Your Score History

You have not taken this quiz